The plants of Mount Kinabalu, 1 : Ferns and fern allies

Bibliographic Details
Main Author: PARRIS
Other Authors: Beaman
Format: Book
Published: [Richmond, Surrey, England] : Royal Botanic Gardens , 1992
Subjects:

MARC

LEADER 00000cam a2200000 7i4500
001 0000001173
005 20140117.0
020 0 0 |a 0947643354 
090 0 0 |a R587.3   |b PAR 1992 
100 1 0 |a PARRIS   |h Barbara S. 
245 1 4 |a The plants of Mount Kinabalu, 1 : Ferns and fern allies   |c Barbara S. Parris, Reed S. Beaman, John H. Beaman 
260 0 0 |a [Richmond, Surrey, England] :   |b Royal Botanic Gardens ,   |c 1992 
300 |a 165 p. :   |b col. ill. ;   |c 25 cm. 
500 0 0 |a Includes index 
650 0 0 |a Ferns   |z Sabah 
700 0 1 |a Beaman   |h John H. 
700 0 1 |a Beaman   |h Reed S. 
998 |a JPSM 
999 |a 0000002057   |b Monograph   |c Reference   |e Default branch